MLB Player by Jersey - Statistics

General Stats
  • This quiz has been taken 12 times
  • The average score is 9 of 16
Answer Stats
Picture Answer % Correct
Elly De La Cruz
91%
Bobby Witt Jr.
82%
Shohei Ohtani
82%
Mike Trout
73%
Vladimir Guerrero Jr.
73%
Kyle Schwarber
64%
Paul Skenes
64%
Pete Alonso
64%
Byron Buxton
55%
Gunnar Henderson
55%
Ketel Marte
55%
Yordan Alvarez
55%
Juan Soto
45%
Barry Bonds
36%
Max Scherzer
36%
Nolan McLean
18%
No matching quizzes found
Score Distribution
Percent of People with Each Score
Percentile by Number Answered
Your Score History
You have not taken this quiz